flagi państw 1 wojny światowej - Statystyki

Ogólne statystyki
  • Ten quiz został rozwiązany 366 razy
  • Średni wynik to 9 z 21
Statystyki odpowiedzi
Obrazkowy Odpowiedź % Poprawnych
Rumunia
83%
Austro Węgry
81%
Albania
77%
Bułgaria
76%
Cesarstwo niemieckie
74%
Serbia
73%
Szwajcaria
66%
Luksemburg
63%
Holandia
59%
Dania
49%
Czarnogóra
40%
Turcja
39%
Królestwo włoch
36%
Carstwo rosyjskie
28%
Królestwo Belgii
22%
Imperium brytyjskie
18%
Królestwo Szwecji
18%
Imperium Francuskie
12%
Bolszewicy
7%
Królestwo Grecjii
5%
Norwegii
1%
Nie znaleziono quizów pasujących do podanych kryteriów
Rozkład punktacji
Procent ludzi z każdym wynikiem
Percentyl według liczby udzielonych odpowiedzi
Twoja historia wyników
Nie rozwiązałeś tego quizu